[Event "MEX-ch"]
[Site "Hermosillo"]
[Date "2003.12.01"]
[Round "1"]
[White "Gomez Quezada, Juan"]
[Black "Abreu Gongora, Miguel Angel"]
[Result "1-0"]
[WhiteElo "2222"]
[BlackElo "1605"]
[PlyCount "55"]
[EventDate "2003.12.01"]
[EventType "swiss"]
[EventRounds "9"]
[EventCountry "MEX"]
[SourceTitle "CBM 097 Extra"]
[Source "ChessBase"]
[SourceDate "2004.01.13"]
[SourceVersion "1"]
[SourceVersionDate "2004.01.13"]
[SourceQuality "1"]

1. e4 c5 2. d4 cxd4 3. c3 dxc3 4. Nxc3 d6 5. Nf3 e6 6. Bc4 Be7 7. 0-0 Nf6 8. Qe2 0-0 9. Rd1 Ne8 10. b4 Nd7 11. Bf4 Nb6 12. Bb3 a6 13. a4 Qc7 14. Rac1 Qb8 15. Bg3 Bd7 16. e5 d5 17. a5 Nc8 18. Bxd5 Bxb4 19. Be4 Bb5 20. Nxb5 axb5 21. Bxh7+ Kxh7 22. Qe4+ g6 23. Qxb4 Rh8 24. Rd8 Na7 25. Rxb8 Rxb8 26. Qe7 Kg7 27. Ng5 Rf8 28. Nxe6+ 1-0